Muḥākamatunā al-wijāhīyah / (Record no. 50541)

MARC details
000 -LEADER
fixed length control field 00596cam a22002051i 4500
001 - CONTROL NUMBER
control field ne 68002519
003 - CONTROL NUMBER IDENTIFIER
control field DLC
005 - DATE AND TIME OF LATEST TRANSACTION
control field 20260227111843.0
008 - FIXED-LENGTH DATA ELEMENTS--GENERAL INFORMATION
fixed length control field 801023s1966 le 000 0 arar
010 ## - LIBRARY OF CONGRESS CONTROL NUMBER
LC control number ne 68002519
035 ## - SYSTEM CONTROL NUMBER
System control number (OCoLC)6852693
040 ## - CATALOGING SOURCE
Original cataloging agency DLC
Transcribing agency MnM
Modifying agency DLC
042 ## - AUTHENTICATION CODE
Authentication code premarc
050 00 - LIBRARY OF CONGRESS CALL NUMBER
Classification number DS79.6.S5
Item number A3
100 1# - MAIN ENTRY--PERSONAL NAME
Personal name Shaykh ʻAlī, ʻAlī Maḥmūd,
Dates associated with a name 1901-1968.
245 10 - TITLE STATEMENT
Title Muḥākamatunā al-wijāhīyah /
Statement of responsibility, etc. ʻAlī Maḥmūd al-Shaykh ʻAlī.
260 ## - PUBLICATION, DISTRIBUTION, ETC.
Place of publication, distribution, etc. Sayda :
Name of publisher, distributor, etc. Dār al-Maktabah al-Aṣriyah,
Date of publication, distribution, etc. 1966.
300 ## - PHYSICAL DESCRIPTION
Extent 222 p. ;
Dimensions 24 cm.
651 #0 - SUBJECT ADDED ENTRY--GEOGRAPHIC NAME
Geographic name Iraq
General subdivision History.

No items available.

Powered by Koha